Stations of the Hokuso Railway, Tokyo, Japan - Statistics

General Stats
  • This quiz has been taken 20 times
  • The average score is 10 of 15
Answer Stats
Station No. Station % Correct
KS10 Keisei Takasago
94%
HS12 Chiba New Town Chuo
88%
HS05 Higashi Matsudo
88%
HS13 Inzai Makinohara
88%
HS08 Shin Kamagaya
81%
HS14 Inba Nihon Idai
69%
HS11 Komuro
63%
HS09 Nishi Shiroi
63%
HS10 Shiroi
63%
HS01 Shin Shibamata
56%
HS02 Yagiri
56%
HS04 Akiyama
50%
HS07 Omachi
44%
HS06 Matsuhidai
38%
HS03 Kita Kokubun
31%
No matching quizzes found
Score Distribution
Percent of People with Each Score
Percentile by Number Answered
Your Score History
You have not taken this quiz